Statistics for Incorporated Cities In WA - by Population

Click here to take the quiz!

General Stats

  • This quiz has been taken 23 times
    (7 since last reset)
  • The average score is 170 of 281

Answer Stats

#CountyTypePopulationCity% Correct
65Grays HarborFirst Class17,080Aberdeen
100%
83SpokaneCode11,280Airway Heights
100%
61SkagitCode18,020Anacortes
100%
53SnohomishCode21,740Arlington
100%
14King, PierceCode88,820Auburn
100%
45KitsapCode25,800Bainbridge Island
100%
52ClarkCode21,910Battle Ground
100%
5KingCode154,600Bellevue
100%
13WhatcomFirst Class (County Seat)95,960Bellingham
100%
111KingCode6,880Black Diamond
100%
50PierceCode23,250Bonney Lake
100%
26King, SnohomishCode49,550Bothell
100%
27KitsapCode44,640Bremerton
100%
25KingCode52,560Burien
100%
92SkagitCode9,905Burlington
100%
42ClarkCode27,420Camas
100%
60LewisCode18,400Centralia
100%
106LewisCode (County Seat)7,400Chehalis
100%
76SpokaneCode13,160Cheney
100%
93Walla WallaCode9,890College Place
100%
55KingCode21,600Covington
100%
38KingCode33,260Des Moines
100%
91PierceCode10,180DuPont
100%
71DouglasCode14,210East Wenatchee
100%
75PierceCode13,590Edgewood
100%
29SnohomishCode43,370Edmonds
100%
57KittitasCode (County Seat)20,900Ellensburg
100%
78King, PierceCode13,090Enumclaw
100%
99GrantCode (County Seat)8,690Ephrata
100%
7SnohomishFirst Class (County Seat)114,200Everett
100%
10KingCode102,000Federal Way
100%
84PierceCode11,150Fife
100%
109PierceCode7,235Fircrest
100%
79PierceCode13,060Gig Harbor
100%
85YakimaCode10,911Grandview
100%
97Grays HarborCode8,795Hoquiam
100%
30KingCode41,290Issaquah
100%
81CowlitzCode (County seat)12,750Kelso
100%
15BentonCode86,470Kennewick
100%
6KingCode139,100Kent
100%
12KingCode96,920Kirkland
100%
23ThurstonCode59,430Lacey
100%
73KingCode13,660Lake Forest Park
100%
31SnohomishCode41,260Lake Stevens
100%
20PierceCode64,150Lakewood
100%
77SpokaneCode13,150Liberty Lake
100%
33CowlitzCode38,130Longview
100%
67WhatcomCode16,520Lynden
100%
32SnohomishCode40,790Lynnwood
100%
41KingCode29,250Maple Valley
100%
18SnohomishCode73,780Marysville
100%
46KingCode25,180Mercer Island
100%
54SnohomishCode21,630Mill Creek
100%
98Pierce, KingCode8,715Milton
100%
58SnohomishCode20,590Monroe
100%
44GrantCode26,210Moses Lake
100%
49SnohomishCode23,810Mountlake Terrace
100%
35SkagitCode (County Seat)35,590Mount Vernon
100%
56SnohomishCode21,590Mukilteo
100%
74KingCode13,610Newcastle
100%
112KingCode6,840Normandy Park
100%
104KingCode8,120North Bend
100%
47IslandCode24,780Oak Harbor
100%
107Grays HarborCode7,380Ocean Shores
100%
24ThurstonCode (County Seat)56,900Olympia
100%
94PierceCode9,110Orting
100%
95AdamsCode9,005Othello
100%
108King, PierceCode7,270Pacific
100%
16FranklinFirst Class (County Seat)81,280Pasco
100%
59ClallamCode (County Seat)20,240Port Angeles
100%
64KitsapSecond Class (County Seat)17,480Port Orchard
100%
89JeffersonCode (County Seat)10,330Port Townsend
100%
82KitsapCode12,400Poulsbo
100%
39WhitmanCode33,060Pullman
100%
28PierceCode43,420Puyallup
100%
105GrantCode8,065Quincy
100%
17KingCode77,490Redmond
100%
8KingCode107,900Renton
100%
21BentonFirst Class63,280Richland
100%
69ClarkCode15,180Ridgefield
100%
19KingCode68,280Sammamish
100%
40KingCode31,740SeaTac
100%
1KingFirst Class (County Seat)779,200Seattle
100%
80SkagitCode12,900Sedro-Woolley
100%
102YakimaCode8,450Selah
100%
103ClallamCode8,350Sequim
100%
88MasonCode (County Seat)10,420Shelton
100%
22KingCode61,120Shoreline
100%
90SnohomishCode10,330Snohomish
100%
70KingCode14,500Snoqualmie
100%
2SpokaneFirst Class (County Seat)232,700Spokane
100%
9SpokaneCode107,400Spokane Valley
100%
100SnohomishCode8,585Stanwood
100%
86PierceCode10,800Sumner
100%
66YakimaCode16,530Sunnyside
100%
3PierceFirst Class (County Seat)222,400Tacoma
100%
96YakimaCode8,900Toppenish
100%
51KingCode22,780Tukwila
100%
43ThurstonCode27,100Tumwater
100%
36PierceCode35,580University Place
100%
4ClarkFirst Class (County Seat)199,600Vancouver
100%
37Walla WallaCode (County Seat)34,310Walla Walla
100%
63ClarkCode17,490Washougal
100%
34ChelanCode (County Seat)35,850Wenatchee
100%
62BentonCode17,840West Richland
100%
72KingCode13,830Woodinville
100%
11YakimaFirst Class (County Seat)98,650Yakima
100%
87ThurstonCode10,770Yelm
100%
237WhitmanTown540Albion
50%
139KingCode3,315Algona
50%
191AsotinCode (County Seat)1,225Asotin
50%
132BentonCode3,810Benton City
50%
119WhatcomCode6,310Blaine
50%
T-165OkanoganCode1,995Brewster
50%
116SnohomishCode6,610Brier
50%
120PierceCode5,555Buckley
50%
218PierceTown745Carbonado
50%
160KingCode2,225Carnation
50%
138ChelanCode3,355Cashmere
50%
154CowlitzCode2,460Castle Rock
50%
129ChelanCode4,470Chelan
50%
151StevensCode2,580Chewelah
50%
110AsotinCode7,220Clarkston
50%
159KittitasCode2,255Cle Elum
50%
142KingCode3,115Clyde Hill
50%
122FranklinCode4,960Connell
50%
T-179Grays HarborCode1,670Cosmopolis
50%
236GrantTown560Coulee City
50%
192Okanogan, Douglas, GrantTown1,210Coulee Dam
50%
T-165IslandTown (County Seat)1,995Coupeville
50%
T-272Pend OreilleTown155Cusick
50%
186SnohomishTown1,505Darrington
50%
178LincolnSecond Class (County Seat)1,725Davenport
50%
155ColumbiaCode (County Seat)2,445Dayton
50%
T123SpokaneCode4,925Deer Park
50%
101KingCode8,530Duvall
50%
146PierceTown2,900Eatonville
50%
207GrantCode965Electric City
50%
136Grays HarborCode3,480Elma
50%
254WhitmanTown310Endicott
50%
189ChelanCode1,360Entiat
50%
68WhatcomCode16,330Ferndale
50%
137ClallamCode3,395Forks
50%
148San JuanTown (County Seat)2,715Friday Harbor
50%
212GrantCode885George
50%
157SnohomishCode2,305Gold Bar
50%
135KlickitatCode (County Seat)3,485Goldendale
50%
T-208GrantCode960Grand Coulee
50%
133YakimaCode3,775Granger
50%
127SnohomishCode4,775Granite Falls
50%
242LincolnCode435Harrington
50%
241KingTown460Hunts Point
50%
198PacificCode1,110Ilwaco
50%
T-272SnohomishTown155Index
50%
T-243Pend OreilleTown425Ione
50%
274FranklinCode145Kahlotus
50%
144CowlitzCode3,070Kalama
50%
48KingCode24,230Kenmore
50%
281GrantTown45Krupp
50%
131ClarkCode3,890La Center
50%
205SkagitTown990La Conner
50%
194IslandCode1,165Langley
50%
150ChelanCode2,590Leavenworth
50%
177PacificCode1,730Long Beach
50%
168YakimaCode1,965Mabton
50%
134GrantCode3,575Mattawa
50%
163Grays HarborCode2,120McCleary
50%
125SpokaneCode4,915Medical Lake
50%
145KingCode2,925Medina
50%
248FranklinCode390Mesa
50%
169SpokaneCode1,925Millwood
50%
130Grays HarborCode (County Seat)4,090Montesano
50%
200LewisCode1,080Morton
50%
216LewisCode785Mossyrock
50%
126YakimaCode4,785Moxee
50%
197YakimaTown1,120Naches
50%
T-165LewisCode1,995Napavine
50%
162Pend OreilleCode (County Seat)2,135Newport
50%
184WhatcomCode1,560Nooksack
50%
206SkamaniaCode975North Bonneville
50%
219Grays HarborCode720Oakville
50%
211LincolnTown890Odessa
50%
156OkanoganCode (County Seat)2,420Okanogan
50%
121OkanoganCode4,980Omak
50%
T-172OkanoganCode1,810Oroville
50%
203WhitmanSecond Class1,050Palouse
50%
228OkanoganCode595Pateros
50%
221LewisTown655Pe Ell
50%
188GarfieldCode (County Seat)1,395Pomeroy
50%
118BentonCode (County Seat)6,445Prosser
50%
152ThurstonCode2,555Rainier
50%
143PacificCode3,110Raymond
50%
T-222LincolnTown650Reardan
50%
204FerryCode (County Seat)1,000Republic
50%
174AdamsSecond Class (County Seat)1,785Ritzville
50%
182DouglasCode1,570Rock Island
50%
T-208KittitasCode960Roslyn
50%
213PierceCode815Roy
50%
170GrantCode1,910Royal City
50%
202PierceCode1,065Ruston
50%
175GrantCode1,765Soap Lake
50%
176PacificCode (County Seat)1,755South Bend
50%
T-234KittitasTown565South Cle Elum
50%
259SpokaneCode280Spangle
50%
239LincolnCode500Sprague
50%
T-277ColumbiaTown120Starbuck
50%
113PierceTown6,825Steilacoom
50%
183SkamaniaCode (County Seat)1,565Stevenson
50%
114SnohomishCode6,730Sultan
50%
T-172WhatcomCode1,810Sumas
50%
215WhitmanTown805Tekoa
50%
164ThurstonCode2,045Tenino
50%
185YakimaCode1,545Tieton
50%
220LewisCode695Toledo
50%
199OkanoganCode1,085Tonasket
50%
201OkanoganTown1,075Twisp
50%
115YakimaCode6,660Union Gap
50%
T-222LewisCode650Vader
50%
193Walla WallaUnclassified1,185Waitsburg
50%
128YakimaSecond Class4,620Wapato
50%
149GrantCode2,625Warden
50%
264AdamsTown210Washtucna
50%
195DouglasTown (County Seat)1,145Waterville
50%
153KlickitatCode2,500White Salmon
50%
171LewisCode1,835Winlock
50%
T-230OkanoganTown580Winthrop
50%
117Cowlitz, ClarkCode6,570Woodland
50%
190SnohomishCode1,340Woodway
50%
T-179ClarkTown1,670Yacolt
50%
196KingTown1,135Yarrow Point
50%
140YakimaCode3,215Zillah
50%
252LincolnTown320Almira
0%
253KingTown315Beaux Arts Village
0%
217KlickitatCode780Bingen
0%
161DouglasCode2,155Bridgeport
0%
225ThurstonTown620Bucoda
0%
232WahkiakumTown (County Seat)575Cathlamet
0%
147WhitmanSecond Class (County Seat)2,785Colfax
0%
245WhitmanTown410Colton
0%
T-123StevensSecond Class (County Seat)4,925Colville
0%
266OkanoganTown195Conconully
0%
214SkagitTown810Concrete
0%
262LincolnTown220Creston
0%
261OkanoganTown245Elmer City
0%
141WhatcomCode3,135Everson
0%
227SpokaneTown600Fairfield
0%
275WhitmanTown140Farmington
0%
T-234WhitmanTown565Garfield
0%
T-255SkagitTown295Hamilton
0%
T-230YakimaTown580Harrah
0%
269GrantTown180Hartline
0%
280AdamsTown80Hatton
0%
181StevensCode1,640Kettle Falls
0%
187KittitasCode1,440Kittitas
0%
T-255WhitmanTown295LaCrosse
0%
279WhitmanTown85Lamont
0%
T-267SpokaneTown185Latah
0%
238AdamsTown535Lind
0%
T-243SkagitTown425Lyman
0%
276WhitmanTown135Malden
0%
250DouglasTown330Mansfield
0%
263StevensTown215Marcus
0%
271Pend OreilleTown160Metaline
0%
260Pend OreilleTown275Metaline Falls
0%
T-267OkanoganTown185Nespelem
0%
T-255StevensTown295Northport
0%
T-246WhitmanTown400Oakesdale
0%
249Walla WallaCode375Prescott
0%
251OkanoganTown325Riverside
0%
233SpokaneTown570Rockford
0%
229WhitmanTown585Rosalia
0%
270KingTown165Skykomish
0%
224PierceTown645South Prairie
0%
258StevensTown290Springdale
0%
226WhitmanTown605St. John
0%
T-246WhitmanTown400Uniontown
0%
T-277SpokaneTown120Waverly
0%
158Grays HarborCode2,295Westport
0%
210LincolnTown895Wilbur
0%
240PierceTown495Wilkeson
0%
265GrantTown205Wilson Creek
0%

Score Distribution

Percentile by Number Answered

Percent of People with Each Score

Your Score History

You have not taken this quiz since the last reset